Moral master pieces from jataka tales / (Record no. 181256)

MARC details
000 -LEADER
fixed length control field 00832nam a22002415a 4500
005 - DATE AND TIME OF LATEST TRANSACTION
control field 20210906170807.0
010 ## - LCCN (DPL NO)
LC control number B-357106 B-741442
020 ## - INTERNATIONAL STANDARD BOOK NUMBER
Terms of availability 60.00
International Standard Book Number 9789384812485
035 ## - SYSTEM CONTROL NUMBER
System control number B-357106
035 ## - SYSTEM CONTROL NUMBER
System control number B-741442
037 ## - SOURCE OF ACQUISITION
Source of stock number/acquisition DBAD / PUB
037 ## - SOURCE OF ACQUISITION
Source of stock number/acquisition Gift
082 ## - DEWEY DECIMAL CLASSIFICATION NUMBER
Classification number S
100 ## - MAIN ENTRY--PERSONAL NAME
Personal name Deepa,J.
245 ## - TITLE STATEMENT
Title Moral master pieces from jataka tales /
Statement of responsibility, etc by Deepa J.
260 ## - PUBLICATION, DISTRIBUTION, ETC. (IMPRINT)
Place of publication, distribution, etc Vijayawada
Name of publisher, distributor, etc Swathi Book House
Date of publication, distribution, etc 2017
270 ## - ADDRESS
Address 28-22-20, Rahiman Street, Arundelpet,
City Vijayawada
Postal code 520002
300 ## - PHYSICAL DESCRIPTION
Extent 32p.
Dimensions 26cm(pbk)
Other physical details col. ill
490 ## - SERIES STATEMENT
Series statement Popular stories in easy English
650 ## - SUBJECT ADDED ENTRY--TOPICAL TERM
Topical term or geographic name as entry element Children's stories, English
942 ## - ADDED ENTRY ELEMENTS (KOHA)
Source of classification or shelving scheme Dewey Decimal Classification
Item type Children Books
Classification part S
Call number suffix DEE
Holdings
Withdrawn status Lost status Not for loan Collection code Home library Current library Date acquired Source of acquisition Cost, normal purchase price Full call number Barcode Copy number Cost, replacement price Koha item type Public note
      Fiction Central Library Central Library 06/09/2021 Gift/Eng/18.8.2021 60.00 S DEE B-741442 1 60.00 Children Books Gift

© Delhi Public Library
Hit Counter
free hit counter